Výber optimálnych monetárnych cieľov pre Európsku centrálnu banku

Na prelome 80/90-tych rokov mnohé z centrálnych bánk vo vyspelých krajinách zanechali používanie menových agregátov ako sprostredkujúceho cieľa monetárnej politiky. Následne ich makroekonomické výsledky boli a sú stále priaznivejšie. Európska centrálna banka pokračuje naďalej v používaní menových ag...

Full description

Saved in:
Bibliographic Details
Main Author: Neupauerová, Marianna
Format: Book Chapter
Language:Slovak
Subjects:
Tags: Add Tag
No Tags, Be the first to tag this record!

MARC

LEADER 00000naa$a2200000$$$4500
001 0039829
005 20221128095036.8
041 0 |a slo 
044 |a SK 
245 1 0 |a Výber optimálnych monetárnych cieľov pre Európsku centrálnu banku  |c Marianna Neupauerová 
520 |a Na prelome 80/90-tych rokov mnohé z centrálnych bánk vo vyspelých krajinách zanechali používanie menových agregátov ako sprostredkujúceho cieľa monetárnej politiky. Následne ich makroekonomické výsledky boli a sú stále priaznivejšie. Európska centrálna banka pokračuje naďalej v používaní menových agregátov a jej makroekonomické úspechy sú podstatne horšie a nepriaznivý je aj ich trend. Aktuálne trendy v monetárnej politike centrálnej banky. Zmeny v použití sprostredkujúcich cieľov. Sprostredkujúci cieľ Európskej centrálnej banky. Prednosti inflačného cielenia. Porovnanie makroekonomických výsledkov vybraných krajín. Konečný cieľ Európskej centrálnej banky. 
610 2 0 |a politika menová 
610 2 0 |a banky centrálne 
610 2 0 |a Európa 
610 2 0 |a agregáty menové 
610 2 0 |a cielenie inflácie 
100 1 |a Neupauerová, Marianna